LEADER 00897nam0-22003251i-450- 001 990001710540403321 005 20080917155858.0 035 $a000171054 035 $aFED01000171054 035 $a(Aleph)000171054FED01 035 $a000171054 100 $a20030910d1808----km-y0itay50------ba 101 0 $aita 102 $aIT 105 $ay-------001yy 200 1 $aPrincipi di zoognosia$fPasquale Borrelli$gtradotti e illustrati da Francesco Romani 210 $aNapoli$cA. Coda$d1808 215 $aXXXXIII, 232 p.$d18 cm 610 0 $aLibri rari$a1800-1830 610 0 $aZoognostica 676 $a636 700 1$aBorrelli,$bPasquale$073762 702 1$aRomani,$bFrancesco 801 0$aIT$bUNINA$gRICA$2UNIMARC 901 $aBK 912 $a990001710540403321 952 $a60 094.3 C 64$b741$fFAGBC 959 $aFAGBC 996 $aPrincipi di zoognosia$9359525 997 $aUNINA LEADER 02707oam 2200625I 450 001 9910460250703321 005 20200520144314.0 010 $a1-138-47344-8 010 $a1-283-10364-8 010 $a9786613103642 010 $a0-203-82789-9 024 7 $a10.4324/9780203827895 035 $a(CKB)2670000000082284 035 $a(EBL)668808 035 $a(OCoLC)719095213 035 $a(SSID)ssj0000471232 035 $a(PQKBManifestationID)11321165 035 $a(PQKBTitleCode)TC0000471232 035 $a(PQKBWorkID)10428012 035 $a(PQKB)10963429 035 $a(MiAaPQ)EBC668808 035 $a(Au-PeEL)EBL668808 035 $a(CaPaEBR)ebr10462483 035 $a(CaONFJC)MIL310364 035 $a(EXLCZ)992670000000082284 100 $a20180706d2011 uy 0 101 0 $aeng 135 $aur|n|---||||| 181 $ctxt 182 $cc 183 $acr 200 00$aMeaning in landscape architecture & gardens $efour essays, four commentaries /$fessays by Jane Gillette. [et al.] ; edited by Marc Treib 210 1$aLondon :$cRoutledge,$d2011. 215 $a1 online resource (233 p.) 300 $aDescription based upon print version of record. 311 $a1-136-80459-5 311 $a0-415-61725-1 320 $aIncludes bibliographical references and index. 327 $a1. Form, meaning, and expression in landscape architecture / Laurie Olin -- 2. Must landscapes mean? : approaches to significance in recent landscape architecture / Marc Treib -- 3. Can gardens mean? / Jane Gillette -- 4. Gardens can mean / Susan Herrington. 330 $aWhile we all live our lives in designed landscapes of various types, only on occasion do we consider what these landscapes mean to us and how they have acquired that significance. Can a landscape architect or garden designer really imbue new settings with meaning, or does meaning evolve over time, created by those who perceive and use these landscapes? What role does the selection and arrangement of plants and hard materials play in this process and just where does the passage of time enter into the equation?These questions collectively provide the core material for Meaning in La 606 $aLandscape design 606 $aLandscapes$xPsychological aspects 608 $aElectronic books. 615 0$aLandscape design. 615 0$aLandscapes$xPsychological aspects. 676 $a712/.2 701 $aGillette$b Jane Brown$0849892 701 $aTreib$b Marc$0674751 801 0$bMiAaPQ 801 1$bMiAaPQ 801 2$bMiAaPQ 906 $aBOOK 912 $a9910460250703321 996 $aMeaning in landscape architecture & gardens$91897718 997 $aUNINA LEADER 01260nam 2200325 n 450 001 996389327803316 005 20230804230704.0 035 $a(CKB)1000000000642266 035 $a(EEBO)2240887676 035 $a(UnM)99850204 035 $a(EXLCZ)991000000000642266 100 $a19920224d1616 uy | 101 0 $aeng 135 $aurbn#|||a|bb| 200 00$aPauls crovvne of reioycing. Or The maner how to heare the word with profit. By Thomas Granger preacher of the word at Botterwike in Holland, neere Boston in Lincolnshire$b[electronic resource] 210 $aLondon $cPrinted by T. S[nodham] for Thomas Pauier, and are to be sold at his shop in Yuie lane$d1616 215 $a[4], 66 p 300 $aPrinter's name from STC. 300 $aA treatise. 300 $aReproduction of the original in the British Library. 330 $aeebo-0018 700 $aGranger$b Thomas$f1578-$01373919 801 0$bCu-RivES 801 1$bCu-RivES 801 2$bCStRLIN 801 2$bWaOLN 906 $aBOOK 912 $a996389327803316 996 $aPauls crovvne of reioycing. Or The maner how to heare the word with profit. By Thomas Granger preacher of the word at Botterwike in Holland, neere Boston in Lincolnshire$93406429 997 $aUNISA LEADER 02084nas 2200589-a 450 001 9910144488203321 005 20241120181018.0 011 $a2326-9014 035 $a(DE-599)ZDB2542186-4 035 $a(OCoLC)527923840 035 $a(CKB)991042730655002 035 $a(CONSER)--2010234817 035 $a(EXLCZ)99991042730655002 100 $a20100224b19561978 --- a 101 0 $aeng 135 $aur||||||||||| 181 $ctxt$2rdacontent 182 $cc$2rdamedia 183 $acr$2rdacarrier 200 00$aAAUP bulletin $equarterly publication of the American Association of University Professors 210 $aEaston, Pa. $cAmerican Association of University Professors$d1956-1978 300 $aPlace of publication varies. 517 3 $aAmerican Association of University Professors bulletin 531 $aAAUP BULL 531 $aAMERICAN ASSOCIATION OF UNIVERSITY PROFESSORS BULLETIN 606 $aCollege teachers$zUnited States$vPeriodicals 606 $aUniversities$3(DNLM)D014495 606 $aFaculty$3(DNLM)D005178 606 $aUniversités$zÉtats-Unis$vPériodiques 606 $aLiberté de l'enseignement$zÉtats-Unis$vPériodiques 606 $aCollege teachers$2fast$3(OCoLC)fst00868114 606 $auniversities (institutions)$2aat$3(CStmoGRI)aat300312240 606 $acolleges (institutions)$2aat$3(CStmoGRI)aat300312285 607 $aUnited States$2fast$1https://id.oclc.org/worldcat/entity/E39PBJtxgQXMWqmjMjjwXRHgrq 608 $aperiodicals.$2aat 608 $aPeriodicals.$2fast 608 $aPeriodicals.$2lcgft 608 $aPériodiques.$2rvmgf 615 0$aCollege teachers 615 2$aUniversities. 615 2$aFaculty. 615 6$aUniversités 615 6$aLiberté de l'enseignement 615 7$aCollege teachers. 615 7$auniversities (institutions) 615 7$acolleges (institutions) 676 $a378 712 02$aAmerican Association of University Professors. 906 $aJOURNAL 912 $a9910144488203321 996 $aAAUP bulletin$91980052 997 $aUNINA LEADER 06137nam 22008295 450 001 9910484776503321 005 20251226202549.0 010 $a3-642-03668-6 024 7 $a10.1007/978-3-642-03668-2 035 $a(CKB)1000000000772876 035 $a(SSID)ssj0000318130 035 $a(PQKBManifestationID)11267555 035 $a(PQKBTitleCode)TC0000318130 035 $a(PQKBWorkID)10309101 035 $a(PQKB)11485242 035 $a(DE-He213)978-3-642-03668-2 035 $a(MiAaPQ)EBC3064494 035 $a(PPN)139951016 035 $a(EXLCZ)991000000000772876 100 $a20100301d2009 u| 0 101 0 $aeng 135 $aurnn|008mamaa 181 $ctxt 182 $cc 183 $acr 200 10$aHolonic and Multi-Agent Systems for Manufacturing $e4th International Conference on Industrial Applications of Holonic and Multi-Agent Systems, HoloMAS 2009, Linz, Austria, August 31 - September 2, 2009, Proceedings /$fedited by Vladimir Marik, Thomas Strasser, Alois Zoitl 205 $a1st ed. 2009. 210 1$aBerlin, Heidelberg :$cSpringer Berlin Heidelberg :$cImprint: Springer,$d2009. 215 $a1 online resource (XI, 326 p.) 225 1 $aLecture Notes in Artificial Intelligence,$x2945-9141 ;$v5696 300 $aBibliographic Level Mode of Issuance: Monograph 311 08$a3-642-03666-X 320 $aIncludes bibliographical references and index. 327 $aand Motivation -- Holonic Rationale and Self-organization on Design of Complex Evolvable Systems -- Service-Oriented Agents for Collaborative Industrial Automation and Production Systems -- Usability of Multi-agent Based Control Systems in Industrial Automation -- Knowledge-Centered Approaches -- An Organizational Knowledge Ontology for Automotive Supply Chains -- Semantic Extension of Agent-Based Control: The Packing Cell Case Study -- Product Design Network Self-contextualization: Enterprise Knowledge-Based Approach and Agent-Based Technological Framework -- Selected Theoretical Aspects -- Collaboration of Metaheuristic Algorithms through a Multi-Agent System -- Functional Integrity of Multi-agent Computational System Supported by Component-Based Implementation -- On the Empirical Evaluation of an Interdisciplinary Framework for Automated Negotiation -- MAS Scheduling and Simulation -- A Decentralized Scheduling Policy for a Dynamically Reconfigurable Production System -- A Study on Real-Virtual Interaction Method for Production Scheduling Using Model Plant -- Using an Agent-Supported Simulation Environment for Intelligent Manufacturing Systems -- A Study on Real-Time Scheduling for Holonic Manufacturing Systems ? Determination of Utility Values Based on Multi-agent Reinforcement Learning -- MAS Control -- An Open-Control Concept for a Holonic Multiagent System -- Plan, Commit, Execute Protocol in Multi-agent Systems -- Distributed Sensing and Control Architecture for Automotive Factory Automation -- MAS-Based Cooperative Control for Biotechnological Process-A Case Study -- Design and Implementation of LabVIEW-Based IEC61499 Compliant Device -- Holonic Systems for Manufacturing -- Holonic-Based Environment for Solving Transportation Problems -- Holonic Manufacturing Paint Shop -- Developmentof a Holonic Free-Roaming AGV System for Part Manufacturing -- Safety Discrete Event Models for Holonic Cyclic Manufacturing Systems -- A Holonic Chain Conveyor Control System: An Application -- MAS and Holonic Applications -- A Multiagent System for Self-organisation of an 802.11 Mesh Network -- Mobility Model for Tactical Networks -- Holonic Modelling of Large Scale Geographic Environments -- Holonic Models for Traffic Control Systems -- A Multi-Agent System for the Pay-As-You-GO (PAYGO) Social Security Scheme -- Contract Monitoring in Agent-Based Systems: Case Study -- A Multi-agent Scheduler for Rent-a-Car Companies -- A Framework for Multi Robot Guidance Control. 330 $aThis book constitutes the refereed proceedings of the 4th International Conference on Industrial Applications of Holonic and Multi-Agent Systems, HoloMAS 2009, held in Linz, Austria, August 31 - September 2, 2009. The 31 revised full papers presented were carefully reviewed and selected from 47 submissions. The papers are organized in topical sections on introduction & motivation, knowledge-centered approaches, selected theoretical aspects, MAS scheduling & simulation, holonic systems for manufacturing, and MAS & holonic applications. 410 0$aLecture Notes in Artificial Intelligence,$x2945-9141 ;$v5696 606 $aArtificial intelligence 606 $aComputer-aided engineering 606 $aInformation technology$xManagement 606 $aElectronic data processing$xManagement 606 $aProduction management 606 $aBusiness information services 606 $aArtificial Intelligence 606 $aComputer-Aided Engineering (CAD, CAE) and Design 606 $aComputer Application in Administrative Data Processing 606 $aIT Operations 606 $aOperations Management 606 $aIT in Business 615 0$aArtificial intelligence. 615 0$aComputer-aided engineering. 615 0$aInformation technology$xManagement. 615 0$aElectronic data processing$xManagement. 615 0$aProduction management. 615 0$aBusiness information services. 615 14$aArtificial Intelligence. 615 24$aComputer-Aided Engineering (CAD, CAE) and Design. 615 24$aComputer Application in Administrative Data Processing. 615 24$aIT Operations. 615 24$aOperations Management. 615 24$aIT in Business. 676 $a670.42722gerDNB 701 $aMar?i?k$b V$g(Vladimi?r)$00 701 $aStrasser$b Thomas$01752927 701 $aZoitl$b Alois$01752928 712 12$aInternational Conference on Industrial Applications of Holonic and Multi-Agent Systems 801 0$bMiAaPQ 801 1$bMiAaPQ 801 2$bMiAaPQ 906 $aBOOK 912 $a9910484776503321 996 $aHolonic and multi-agent systems for manufacturing$94188433 997 $aUNINA